000 00460nam a2200169Ia 4500
008 230718s9999 xx 000 0 und d
020 _a9789350231685
041 _aeng
082 _a005
_bROM
100 _aRomero A.V.
_9175388
245 _aVirtual Box 3.1:
_bBeginner's Guide
260 _c2010
_bPackt Publishing
300 _a333
365 _cRs.
_b450.00
700 _aRomero A.V.
_9175388
906 _dO:0144230-Dec-2010B:643430-Nov-2010
_cCOMP
_b112.5
999 _c326797
_d326797